| 000 | 00768nam a22002057a 4500 | ||
|---|---|---|---|
| 005 | 20120726104839.0 | ||
| 010 | _aG-002071 | ||
| 020 |
_a8190109863 _c295.00 |
||
| 035 | _aG-002071 | ||
| 037 |
_adpl _bGift |
||
| 082 | _a341.62 | ||
| 100 |
_aChomsky, Noam. _950484 |
||
| 245 |
_aRogue States; _bThe Rule of force in world affairs _cby Noam Chomsky |
||
| 260 |
_aNew Delhi _bIndia Research Press _c2000 |
||
| 270 |
_aB4/22, Safdarjung Enclave _bNew Delhi _e110029 |
||
| 300 |
_a252 p. _bnotes, index.. _c20 cm |
||
| 942 |
_2ddc _cEN _mCHO _h341.62 |
||
| 999 |
_c68695 _d68695 |
||